Things that are Orange - Statistics

General Stats
  • This quiz has been taken 702 times
  • The average score is 12 of 28
Answer Stats
Hint Answer % Correct
Citrus fruit Orange
99%
Future jack o' lantern Pumpkin
73%
Root vegetable Carrot
70%
The rock you shoot hoops with Basketball
61%
Delicious block of mold Cheddar cheese
61%
Your first pet? Also a tasty snack food Goldfish
57%
Keeps you afloat Life vest
54%
Stanley Kubrick film A Clockwork Orange
53%
Really big cat Bengal tiger
53%
Butterfly Monarch
53%
Another tasty soda Fanta
51%
Bad guys in jumpsuits Convicts
49%
Another citrus fruit Tangerine
49%
Tasty snack food Cheetos
48%
Home of John Wayne Airport Orange County
47%
Construction item Traffic cone
46%
Conical candy Candy corn
37%
Yet another tasty soda Crush
31%
Yet another tasty snack food Doritos
31%
Another tasty snack food Cheez-Itz
29%
Another root vegetable Yam
29%
Another frosty dessert (in the mall) Orange Julius
28%
Frosty dessert Sherbet
23%
Jersey Shore skank Nicole Polizzi
22%
Tasty soda Sunkist
18%
Speaker of the House John Boehner
14%
Flower (genus: tagetes) Marigold
12%
YouTube video / Cartoon Network show Annoying Orange
9%
No matching quizzes found
Score Distribution
Percent of People with Each Score
Percentile by Number Answered
Your Score History
You have not taken this quiz